000 00593nam a2200193 i 4500
001 20668
003 ES-MaACL
005 20230906152337.0
007 t|
008 021115s1844 gw ||||1| eng d
100 1 _aAinsworth, William Harrison.
_918986
245 1 0 _aSaint Jame's or The Court of Queen Anne /
_cby W. Harrison Ainsworth.
260 _aLeipzig :
_bBernhard Tauchnitz,
_c1844.
300 _a356 p. ;
_c15 cm.
490 1 _aCollection of British authors ;
_v64
830 0 _aCollection of British authors ;
_v64
_9180703
852 _aES-MaACL
_jG-12196
999 _c20668
_d20668